| 000 | 00769nam a2200241 a 4500 | ||
|---|---|---|---|
| 005 | 20240501063657.0 | ||
| 008 | 171017s2008 mx r 000 0 spa d | ||
| 020 | _a9780764140617 (13 dígitos) | ||
| 020 | _a0764140612 (10 dígitos) | ||
| 035 | _aUPN01000221030 | ||
| 049 | _aI | ||
| 050 | 4 |
_aQL666 C5 _bA4.2 |
|
| 100 | 1 |
_aAlgarra, Alejandro _942719 |
|
| 245 | 1 | 0 |
_aCuidemos a nuestra tortuga nueva / _cAlejandro Algarra ; il. Rosa María Curto. |
| 260 |
_aNew York : _bBarron's, _c2008. |
||
| 300 |
_a35 p. : _bil. col. |
||
| 440 | 0 | _aCuidar y proteger | |
| 534 |
_pTítulo original: _tUna tortuga en casa |
||
| 650 | 4 |
_aTORTUGAS - _vLITERATURA INFANTIL _98591 |
|
| 650 | 4 |
_aMascotas _vLiteratura infantil _921679 |
|
| 905 | _aInfantil | ||
| 999 |
_c193129 _d193129 |
||